00858nam a2200217 a 4500001001000000003000500010005001700015008004100032010001100073011001100084040000900095100003700104245017200141260004100313500006000354502007900414650003100493650001900524650002700543856007000570000112800CHAP20220329144322.0161124s2016 mx a fsm |||||||spa d a109261 a110233 cCHAP1 aRendón Rosales, Miguel Ángel10aActividad antitrombótica in vitro de leches fermentadas por cepas específicas de bacterias ácido lácticas /h[En línea]cpor Miguel Ángel Rendón Rosales. aChapingo, Méx. :bEl autor,c2016. aPara ver el contenido del material haga clic en la liga aTesis (Ing. Agroindustrial) -- Departamento de Ingeniería Agroindustrial14aBacterias acidolácticas.14aLactobacillus.14aLechexFermentación. aFinding aiduhttp://10.13.5.2/tesis/sist112800.pdfzTeclea aquí